|
|
|
|
| LEADER |
00000nab a2200000 a 4500 |
| 001 |
vtls000866756 |
| 003 |
SK-MaSNL |
| 005 |
20260304100750.0 |
| 008 |
161006c2002 xo 0 slo |
| 015 |
|
|
|a SNBRA2004/03-09053
|
| 035 |
|
|
|a CLN000218308
|
| 040 |
|
|
|a SNKBUCL
|b slo
|c SNKBUCL
|e AACR2
|
| 041 |
0 |
|
|a slo
|
| 044 |
|
|
|a xo
|c SK
|
| 080 |
|
|
|a 376.4
|2 1997
|
| 080 |
|
|
|a 616.899.2-08
|2 1997
|
| 080 |
|
|
|a 364.46-056.36
|2 1997
|
| 100 |
1 |
|
|a Wolska, Danuta
|4 aut
|9 858693
|
| 245 |
1 |
0 |
|a Príprava mentálne postihnutých dospelých na spoločenskú integráciu a rozvíjanie autonómie, ako hlavná úloha rehabilitačných pracovísk - skúsenosti z Poľska
|c Danuta Wolska
|
| 504 |
|
|
|a Bibliogr. odkazy
|
| 504 |
|
|
|a Res. slov.
|
| 650 |
0 |
7 |
|a ľudia postihnutí mentálne
|x integrácia spoločenská
|x autonómia
|2 snkbucl
|9 1395092
|
| 650 |
0 |
7 |
|a integrácia spoločenská
|2 snkbucl
|9 858689
|
| 650 |
0 |
7 |
|a liečebná rehabilitácia
|2 snkbucl
|9 3306
|
| 650 |
0 |
7 |
|a mentálna retardácia
|2 snkbucl
|9 1169
|
| 655 |
|
7 |
|a články zo zborníkov
|2 snkbucl
|9 166140
|
| 773 |
0 |
|
|z 8096718096
|t Mentálne postihnutie z interdisciplinárneho aspektu
|d Bratislava : Pedagogická fakulta Univerzity Komenského, 2002
|g S. 65-73
|
| 850 |
|
|
|a Slovenská národná knižnica v Martine
|
| 852 |
|
|
|a SNK
|b KIS3GCP
|
| 958 |
|
|
|a NB
|
| 999 |
|
|
|c 2839739
|d 2841669
|